000 00357nam a2200133Ia 4500
008 240624s9999 xx 000 0 und d
041 _aeng
082 _a828 BHA
100 _aBHATTACHARYA SABYASACHI
245 _aDEFINING MOMENTS IN BENGAL 1920 1947
260 _c2014
_aNew Delhi
_bOxford India
300 _axvi, : 403 : p. : cm. ; 22
365 _cRS
_b25
999 _c23825
_d23825